000 00657nam a2200241Ia 4500
003 OSt
005 20220924124639.0
006 a|||||r|||| 00| 0
007 ta
008 220923b |||||||| |||| 00| 0 urd d
020 _c60.00
024 _a322329
037 _cTextual
040 _aARTS
_cARTS
_burd
041 _2urd
_aurd
082 _aU8.1.N61, 168M5
100 _aSayedeen Khwaja Ghulam Au.
_9181350
245 0 _aDuniya mera gaon
260 _aNew Delhi
_b Sayed Memorial trust India
_c1985
650 _aTRAVEL
942 _hU8.1.N61, 168M5
_cTEXL
_2CC
999 _c420392
_d420392